Statistics for Fast typing word #2

Click here to take the quiz!

General Stats

  • This quiz has been taken 99 times
  • The average score is 14 of 15

Answer Stats

WordManual Type% Correct
PerfectionPerfection
100%
CartoonCartoon
97%
E-coliE-coli
97%
AdjectiveAdjective
96%
BroccoliBroccoli
96%
LobsterLobster
96%
CroatiaCroatia
94%
GeniusGenius
94%
ImpossibleImpossible
93%
QuebecQuebec
91%
EinstieniumEinstienium
90%
PrudencePrudence
84%
CarbonCarbon
80%
JubileeJubilee
80%
AlexandriteAlexandrite
73%

Score Distribution

Percentile by Number Answered

Percent of People with Each Score

Your Score History

You have not taken this quiz